000 00611nmc a2200241 a 4500
003 AR-BaBNM
005 20251128211314.0
008 113120s1993 ||||||||||||||000 | spa||
020 _a88-244-5568-9
040 _cAR-BaBNM
245 1 0 _aIstituto tecnico commerciale
260 _aNapoli
_bEdizioni Simone
_c1993
300 _a187 p.
490 0 _aProgrammi Sccolastici
_vv. 556
650 4 _aENSENANZA TECNICA
650 4 _aESCUELAS DE COMERCIO
650 4 _aPROGRAMAS DE ENSENANZA
650 4 _aCURRICULO
651 4 _aItalia
653 _aEDUCACION SECUNDARIA
942 _cBK
998 _craquel
999 _c19074
_d19074